000 00409nam a2200145Ia 4500
008 100204s9999 xx 000 0 und d
082 _b7662
100 _aपाटील देवदत्त
245 _aसौदा
260 _b"दुर्गा बुक स्टॉल , मुंबई"
_c1982
300 _a334
630 _aसौदा
730 _aसौदा
942 _cBOOK
999 _c452098
_d452095